000 00429nam a2200169Ia 4500
008 221220s9999 xx 000 0 und d
020 _a978-81-318-0428-5
041 _aEnglish
100 _aB. C. Punmia
245 0 _aBuilding Construction 11th Ed.
_cby B. C. Punmia, A. K. Jain
250 _a11th
260 _bL. P
_aNew Delhi
_c2021
300 _a626
650 _aBE Computer
700 _aA. K. Jain
942 _2DDC
_cBK
999 _c19129
_d19129